000 00557nam a2200181Ia 4500
008 151202s9999||||xx |||||||||||||| ||und||
082 _bPNVM-61565
100 _aलिमये नरुभाऊ.
245 _aफुसका बार.
260 _b"श्रदा प्रकाशन,पुणे."
260 _c61565
300 _a164
600 _aलिमये नरुभाऊ.
630 _aफुसका बार.
700 _aलिमये नरुभाऊ.
730 _aफुसका बार.
942 _cBOOK
999 _c1328099
_d1328096